1482 1674 1678 1250 1882 1140 1096 1896 1913 1148 1572 1711 1447 1684 1950 1476 1679 1703 1470 1402 1492 1949 1323 1610 1363 1297 1482 1141 1443 1200 1718 1825 1827 1753 1481 1647 1697 1563 1439 1256 1931 1737 1561 1342 1703 1398 1218 1817 1752 1340 1724 1206 1583 1441 1941 1824 1250 1283 1438 1817 1167 1562 1438 1430 1948 1422 1759 1092 1397 1363 1231 1209 1748 1294 1118 1326 1325 1672 1266 1952 1873 1885 1002 1973 1511 1737 1524 1224 1439 1456 1629 1844 1671 1717 1617 1150 1042 1120 1012 BCNSPRNW ULIB Ver.6.0+V

เปลี่ยนเป็นภาษาไทย

Change to English
 แสดงรายละเอียดบรรณานุกรม
  กลับหน้าหลัก

Brief Record : Get Marc (ISO 2709) : E-mail record : QR code < ปิดหน้าต่าง
LEADER : 00000nam 2200000uu 4500
001    13399121602
003     ULIB
008    121126s2546||||th 000 0 tha d
020    ^a9744151501
060  4 ^aWS462^bอ293ส
100    ^aอมรากุล อินโอชานนท์.
245 1  ^aคู่มือวัยรุ่น เส้นทางรอด...ปลอดยาบ้า^h(จุลสาร) /^cเรียบเรียงโดย อมรากุล อินโอชานนท์ ; ภาพประกอบ จักรพันธุ์ หงษ์สวัสดิ์.
260    ^aกรุงเทพฯ :^bสำนักพัฒนาสุขภาพจิต กรมสุขภาพจิต กระทรวงสาธารณสุข,^c2546.
300    ^a40 หน้า :^bภาพประกอบ ;^c21 ซม.
650  7 ^aยาเสพติดกับเยาวชน^xการป้องกันและควบคุม.
653    ^aจุลสาร.
700 0   ^aจักรพันธุ์ หงษ์สวัสดิ์.
945    ^p0^l0^i13658
945    ^p0^l0^i13659
995    ^a วิภา
999    ^aวิภา
รายการนี้ยังไม่มีแท็ก
คุณยังไม่ได้ล็อกอิน คุณสามารถมีกิจกรรมร่วมกับเว็บไซต์ได้ แต่ต้องล็อกอินก่อน ::
  ล็อกอิน

รายการสื่อสารสนเทศ

ลำดับที่ ประเภท เลขเรียก/บาร์โค้ด สถานที่ สถานะ
1. วิทยาศาสตร์การแพทย์ และสุขภาพ
วิทยาศาสตร์การแพทย์ และสุขภาพ
WS462 อ293ส  
  Barcode: 13658
ห้องสมุดวิทยาเขตสวรรค์ประชารักษ์
►หนังสือทั่วไป
บนชั้น
2. วิทยาศาสตร์การแพทย์ และสุขภาพ
วิทยาศาสตร์การแพทย์ และสุขภาพ
WS462 อ293ส ฉ.2 
  Barcode: 13659
ห้องสมุดวิทยาเขตสวรรค์ประชารักษ์
►หนังสือทั่วไป
บนชั้น

BibComment


ยังไม่เคยถูกคอมเมนท์

คอมเมนท์ทรัพยากรรายการนี้
  คอมเมนท์: คู่มือวัยรุ่น เส..


 Copyright 2026. Bcnsprnw @Library